<?xml version="1.0" encoding="UTF-8"?>
<collection xmlns="http://www.loc.gov/MARC21/slim">
 <record>
  <leader>00870nmm a2200241zu 4500</leader>
  <controlfield tag="001">1663</controlfield>
  <controlfield tag="005">20230501165803.0</controlfield>
  <controlfield tag="007">cr uuu---uuuuu</controlfield>
  <controlfield tag="008">230401s1752    ||||||||o|||||||||||||||u</controlfield>
  <datafield tag="040" ind1=" " ind2=" ">
   <subfield code="e">rda</subfield>
  </datafield>
  <datafield tag="041" ind1=" " ind2=" ">
   <subfield code="a">lat</subfield>
  </datafield>
  <datafield tag="100" ind1="1" ind2=" ">
   <subfield code="a">Pococke, Richard</subfield>
   <subfield code="e">VerfasserIn</subfield>
   <subfield code="4">aut</subfield>
  </datafield>
  <datafield tag="245" ind1="1" ind2="0">
   <subfield code="a">Inscriptionum antiquarum Graec. et Latin. liber</subfield>
   <subfield code="b">Accedit, numismatum Ptolemaeorum, Imperatorum, Augustarum, et Caesarum, in Aegypto cusorum, e scriniis Britannicis, catalogus</subfield>
   <subfield code="c">Richard Pococke</subfield>
  </datafield>
  <datafield tag="264" ind1=" " ind2="1">
   <subfield code="a">London</subfield>
   <subfield code="b">Typis Mandati</subfield>
   <subfield code="c">1752</subfield>
  </datafield>
  <datafield tag="300" ind1=" " ind2=" ">
   <subfield code="a">127 p.</subfield>
  </datafield>
  <datafield tag="336" ind1=" " ind2=" ">
   <subfield code="a">Text</subfield>
   <subfield code="b">txt</subfield>
   <subfield code="2">rdacontent</subfield>
  </datafield>
  <datafield tag="337" ind1=" " ind2=" ">
   <subfield code="a">Computermedien</subfield>
   <subfield code="b">c</subfield>
   <subfield code="2">rdamedia</subfield>
  </datafield>
  <datafield tag="338" ind1=" " ind2=" ">
   <subfield code="a">Online-Ressource</subfield>
   <subfield code="b">cr</subfield>
   <subfield code="2">rdacarrier</subfield>
  </datafield>
  <datafield tag="990" ind1=" " ind2="4">
   <subfield code="a">Augsburg</subfield>
  </datafield>
  <datafield tag="990" ind1=" " ind2="4">
   <subfield code="a">Corpus</subfield>
  </datafield>
  <datafield tag="990" ind1=" " ind2="4">
   <subfield code="a">Inschrift</subfield>
  </datafield>
  <datafield tag="990" ind1=" " ind2="4">
   <subfield code="a">Römerzeit</subfield>
  </datafield>
  <datafield tag="856" ind1="4" ind2=" ">
   <subfield code="u">http://www.mdz-nbn-resolving.de/urn/resolver.pl?urn=urn:nbn:de:bvb:12-bsb10211868-4</subfield>
   <subfield code="y">Volltext</subfield>
   <subfield code="3">Volltext</subfield>
  </datafield>
 </record>
</collection>
